Reklama reklame

Činnosť produkčnej a reklamnej spoločnosti Monarch. Prienik do sveta reklamy. Prezentácia slovenskej reklamy. Reklamné tamtamy.

Salvato in:
Dettagli Bibliografici
Natura: Capitolo di libro
Lingua:slovacco
Soggetti:
Tags: Aggiungi Tag
Nessun Tag, puoi essere il primo ad aggiungerne!!

MARC

LEADER 00000naa a2200000 4500
001 r019835
005 20221213100702.7
041 0 |a slo 
044 |a SK 
245 1 0 |a Reklama reklame 
520 |a Činnosť produkčnej a reklamnej spoločnosti Monarch. Prienik do sveta reklamy. Prezentácia slovenskej reklamy. Reklamné tamtamy. 
610 2 0 |a reklama 
610 2 0 |a Slovensko 
610 2 0 |a Monarch, a.s. Bratislava 
610 2 0 |a firmy 
610 2 0 |a agentúry